[Event "II Open A"]
[Site "Conegliano ITA"]
[Date "2008.05.31"]
[Round "1"]
[White "Bozzali, Ermanno"]
[Black "Boscolo, Federico"]
[Result "1-0"]
[WhiteElo "2202"]
[BlackElo "1930"]
[PlyCount "107"]
[EventDate "2008.05.31"]

1. Nf3 d5 2. d4 Nf6 3. c4 e6 4. Nc3 Be7 5. cxd5 exd5 6. Bg5 c6 7. e3 Bf5 8.
Bxf6 Bxf6 9. Qb3 Qc7 10. Be2 O-O 11. h3 Qb6 12. Qxb6 axb6 13. g4 Be6 14. Kd2
Nd7 15. Ne1 b5 16. Nd3 Nb6 17. Nc5 Be7 18. Bd3 Bxc5 19. dxc5 Nc4+ 20. Bxc4 bxc4
21. b4 f5 22. gxf5 Rxf5 23. Rh2 Raf8 24. Ke1 Rh5 25. h4 g5 26. Ne2 Rxh4 27.
Rxh4 gxh4 28. Nd4 Rf6 29. Ke2 Bf5 30. f3 Bd3+ 31. Kf2 Rf8 32. a4 Rf6 33. b5
cxb5 34. axb5 Rf8 35. c6 bxc6 36. Nxc6 d4 37. Nxd4 Rb8 38. Ra7 c3 39. Rc7 c2
40. Kg2 Ra8 41. Kh3 Ra7 42. Rc8+ Kg7 43. Kxh4 Ra3 44. b6 Ra1 45. Nxc2 Rb1 46.
Rc7+ Kh6 47. Rc6+ Kg7 48. Nd4 Ba6 49. Kg5 h6+ 50. Kf4 h5 51. Nf5+ Kf7 52. e4
Be2 53. b7 h4 54. Rh6 1-0

[Event "II Open A"]
[Site "Conegliano ITA"]
[Date "2008.05.31"]
[Round "1"]
[White "Cherin, Diego"]
[Black "Tomio, Dante"]
[Result "1-0"]
[WhiteElo "2267"]
[BlackElo "1953"]
[PlyCount "59"]
[EventDate "2008.05.31"]

1. e4 c5 2. Nf3 d6 3. d4 cxd4 4. Nxd4 Nf6 5. Nc3 e6 6. f4 a6 7. Qf3 Qc7 8. a4
Nc6 9. Be3 Bd7 10. Bd3 Be7 11. O-O O-O 12. h3 Nxd4 13. Bxd4 Bc6 14. Qe3 Nd7 15.
e5 Rac8 16. Rad1 Rfe8 17. b3 Bf8 18. Rd2 g6 19. h4 Bh6 20. exd6 Qxd6 21. Qf2
Qf8 22. Re2 Bg7 23. Ne4 Qb4 24. Bxg7 Kxg7 25. c3 Qe7 26. Qd4+ e5 27. fxe5 Qxe5
28. Rxf7+ Kg8 29. Rxd7 Bxe4 30. Rxe4 1-0

[Event "II Open A"]
[Site "Conegliano ITA"]
[Date "2008.05.31"]
[Round "1"]
[White "Coqueraut, Jean Dominique"]
[Black "Mazzilli, Piero"]
[Result "0-1"]
[WhiteElo "1975"]
[BlackElo "2332"]
[PlyCount "80"]
[EventDate "2008.05.31"]

1. d4 d5 2. c4 e6 3. Nc3 c6 4. cxd5 exd5 5. Nf3 Bd6 6. Bg5 Ne7 7. e3 Bf5 8. Bd3
Qd7 9. a3 O-O 10. O-O Bxd3 11. Qxd3 f5 12. Ne5 Bxe5 13. dxe5 Ng6 14. Bf4 Qe6
15. Rad1 Nxe5 16. Bxe5 Qxe5 17. f4 Qf6 18. Rd2 Nd7 19. b4 Rae8 20. Rf3 Nb6 21.
Rc2 Re4 22. h3 Rfe8 23. Rg3 R4e6 24. Kh2 Nc4 25. Nd1 Re4 26. Re2 Nd6 27. Rf3
Rc4 28. g4 Rc1 29. Rg3 Ne4 30. g5 Qa1 31. Rg1 Nd6 32. Qb3 Rb1 33. Qc2 Re4 34.
Ree1 Rc4 35. Qd3 Ne4 36. Ref1 Rcc1 37. h4 Qa2+ 38. Rg2 Qc4 39. Qxc4 dxc4 40.
Rgg1 Nd2 0-1

[Event "II Open A"]
[Site "Conegliano ITA"]
[Date "2008.05.31"]
[Round "1"]
[White "Corvi, Marco"]
[Black "D'Alessio, Angelo"]
[Result "1-0"]
[WhiteElo "2347"]
[BlackElo "1976"]
[PlyCount "127"]
[EventDate "2008.05.31"]

1. c4 Nf6 2. Nc3 e5 3. Nf3 Nc6 4. e3 Bb4 5. Qc2 O-O 6. Nd5 Re8 7. Qf5 h6 8.
Nxf6+ Qxf6 9. Qxf6 gxf6 10. Be2 a5 11. a3 Bf8 12. b3 d6 13. Bb2 Bg7 14. d4 e4
15. Nh4 f5 16. g3 Ne7 17. O-O-O c6 18. Rd2 Bd7 19. Ng2 Rec8 20. Nf4 Ng6 21. Ng2
Ne7 22. h4 b5 23. h5 bxc4 24. bxc4 Rcb8 25. c5 Nd5 26. Nf4 Bf8 27. Bc4 Be6 28.
Rc2 Nxf4 29. gxf4 d5 30. Be2 Be7 31. Kd2 Kh7 32. Bc3 Bc8 33. Rb2 Rxb2+ 34. Bxb2
Rb8 35. Bc3 Bd8 36. Kc2 Kg7 37. Rb1 Rxb1 38. Kxb1 Kf6 39. Kc2 Ke6 40. Kb3 Kd7
41. Ka4 Bh4 42. Be1 Kc7 43. Bxa5+ Kb7 44. f3 Bf2 45. Bd2 Bh4 46. Ka5 Ka7 47.
Kb4 Ba6 48. Bd1 Bd3 49. fxe4 fxe4 50. Bg4 Kb7 51. Kb3 Bf2 52. Kb2 Bg1 53. Kc1
Bf2 54. Kd1 Bb5 55. Bc1 Bc4 56. Kd2 Bb5 57. Bb2 Bd3 58. Bc3 Ka6 59. Bc8+ Ka7
60. Ba5 Kb8 61. Bd7 Kb7 62. Bd8 Bf1 63. Bf6 Bg2 64. Be8 1-0

[Event "II Open A"]
[Site "Conegliano ITA"]
[Date "2008.05.31"]
[Round "1"]
[White "De Nardi, Riccardo"]
[Black "Giuriati, Paolo"]
[Result "0-1"]
[WhiteElo "1931"]
[BlackElo "2206"]
[PlyCount "88"]
[EventDate "2008.05.31"]

1. e4 e6 2. d3 d5 3. Nd2 Nf6 4. Ngf3 Nc6 5. c3 dxe4 6. dxe4 Bc5 7. Bb5 O-O 8.
O-O Qe7 9. Qe2 e5 10. h3 Nh5 11. Re1 Nf4 12. Qf1 Qf6 13. Bxc6 bxc6 14. Nb3 Bb6
15. Bxf4 Qxf4 16. Qe2 Be6 17. c4 c5 18. Rac1 Rfd8 19. Qe3 Qxe3 20. Rxe3 f6 21.
Kf1 Rd6 22. Ke2 Rad8 23. Ne1 a5 24. a4 Bd7 25. Ra1 Be8 26. Nd3 Rc6 27. Kd2 Bf7
28. Kc3 Rd4 29. Nd2 Rcd6 30. b3 Bg6 31. Rae1 f5 32. R1e2 f4 33. Rf3 Bh5 34.
Nxe5 Bxf3 35. Nexf3 Rd3+ 36. Kc2 Rd8 37. e5 R3d7 38. Re4 Rf8 39. Ng5 Re7 40. h4
c6 41. Nh3 Bc7 42. Nf3 Rfe8 43. Nxf4 Bxe5 44. Nh5 Bd4 0-1

[Event "II Open A"]
[Site "Conegliano ITA"]
[Date "2008.05.31"]
[Round "1"]
[White "De Val, Daniele"]
[Black "Pelosin, Matteo"]
[Result "1-0"]
[WhiteElo "2208"]
[BlackElo "1932"]
[PlyCount "57"]
[EventDate "2008.05.31"]

1. d4 e6 2. c4 d5 3. cxd5 exd5 4. Nc3 Nf6 5. Bg5 Be7 6. e3 c6 7. Qc2 O-O 8. Bd3
Nbd7 9. Nge2 Re8 10. O-O g6 11. f3 Qb6 12. Kh1 Nf8 13. e4 Ne6 14. Be3 Bf8 15.
e5 Nd7 16. f4 f6 17. f5 fxe5 18. fxe6 Rxe6 19. Qd2 exd4 20. Bxd4 c5 21. Nxd5
Qd6 22. Nef4 Bh6 23. Be3 Re5 24. Bc4 Kg7 25. Nh5+ Rxh5 26. Bxh6+ Rxh6 27. Rf7+
Kxf7 28. Nf6+ Ke7 29. Ng8+ 1-0

[Event "II Open A"]
[Site "Conegliano ITA"]
[Date "2008.05.31"]
[Round "1"]
[White "Dgebuadze, Alexandre"]
[Black "De Filomeno, Simone"]
[Result "1-0"]
[WhiteElo "2528"]
[BlackElo "2088"]
[PlyCount "81"]
[EventDate "2008.05.31"]

1. e4 c5 2. Nf3 Nc6 3. d4 cxd4 4. Nxd4 g6 5. c4 Nf6 6. Nc3 Nxd4 7. Qxd4 d6 8.
Bg5 Bg7 9. Be2 O-O 10. Qd2 Be6 11. Rc1 Qa5 12. O-O Rfc8 13. b3 a6 14. f4 b5 15.
f5 Bd7 16. fxg6 hxg6 17. e5 Nh7 18. Nd5 Qxd2 19. Bxd2 Re8 20. Nb6 Ra7 21. Nxd7
Rxd7 22. cxb5 Bxe5 23. bxa6 Bd4+ 24. Kh1 Rb8 25. b4 Nf6 26. Rc4 Ba7 27. Rfc1 e5
28. Rc7 Rbd8 29. b5 Ne4 30. Be1 d5 31. a4 Be3 32. Rxd7 Rxd7 33. Rb1 Rd8 34. b6
Nf2+ 35. Bxf2 Bxf2 36. a7 e4 37. g3 Bc5 38. Rb5 d4 39. Rxc5 d3 40. Bxd3 exd3
41. Rd5 1-0

[Event "II Open A"]
[Site "Conegliano ITA"]
[Date "2008.05.31"]
[Round "1"]
[White "Dvirnyy, Danyyil"]
[Black "Zanirato, Stefano"]
[Result "1-0"]
[WhiteElo "2321"]
[BlackElo "1970"]
[PlyCount "37"]
[EventDate "2008.05.31"]

1. e4 Nc6 2. Nf3 e6 3. d4 d5 4. Nc3 a6 5. Bg5 Be7 6. h4 h6 7. Bxe7 Ngxe7 8. Qd2
dxe4 9. Nxe4 Nf5 10. O-O-O Qd5 11. Nc3 Qa5 12. Qf4 Nd6 13. Kb1 Nb5 14. Ne4 Nb4
15. Bc4 Nd5 16. Qg3 Kf8 17. Ne5 Nd6 18. Qf3 f5 19. Nxd6 1-0

[Event "II Open A"]
[Site "Conegliano ITA"]
[Date "2008.05.31"]
[Round "1"]
[White "Fedorchuk, Sergey A."]
[Black "Mileto, Gabriele"]
[Result "1-0"]
[WhiteElo "2671"]
[BlackElo "2165"]
[PlyCount "33"]
[EventDate "2008.05.31"]

1. e4 e5 2. Nf3 Nf6 3. Nxe5 d6 4. Nf3 Nxe4 5. Nc3 Nf6 6. d4 d5 7. Bd3 Bg4 8. h3
Bh5 9. Bf4 Nc6 10. Nb5 Rc8 11. Bf5 Nd7 12. O-O Bg6 13. Bxg6 hxg6 14. c4 Nf6 15.
Ne5 Nxe5 16. dxe5 a6 17. exf6 1-0

[Event "II Open A"]
[Site "Conegliano ITA"]
[Date "2008.05.31"]
[Round "1"]
[White "Fontana, Enrico"]
[Black "Ikonnikov, Vyacheslav"]
[Result "0-1"]
[WhiteElo "2118"]
[BlackElo "2578"]
[PlyCount "42"]
[EventDate "2008.05.31"]

1. d4 Nf6 2. Nf3 e6 3. e3 b6 4. Bd3 Bb7 5. Nbd2 c5 6. O-O Be7 7. c3 Nc6 8. Re1
d5 9. a3 O-O 10. b4 Qc7 11. Bb2 c4 12. Bc2 Bd6 13. e4 dxe4 14. Nxe4 Nxe4 15.
Bxe4 Ne7 16. Bxh7+ Kxh7 17. Ng5+ Kg6 18. h4 Bf4 19. Qc2+ Nf5 20. Re3 Bxe3 21.
fxe3 Qg3 0-1

[Event "II Open A"]
[Site "Conegliano ITA"]
[Date "2008.05.31"]
[Round "1"]
[White "Georgiev, Vladimir"]
[Black "Pfeifer, Andreas"]
[Result "1-0"]
[WhiteElo "2572"]
[BlackElo "2116"]
[PlyCount "57"]
[EventDate "2008.05.31"]

1. d4 e6 2. c4 Nf6 3. Nf3 b6 4. a3 Bb7 5. Nc3 d5 6. Bg5 Be7 7. Qa4+ Bc6 8. Qc2
O-O 9. e3 Bb7 10. Bxf6 Bxf6 11. cxd5 exd5 12. Bd3 c5 13. Bxh7+ Kh8 14. Bd3 Nc6
15. dxc5 bxc5 16. O-O d4 17. Ne4 dxe3 18. fxe3 Rc8 19. Rad1 Qe7 20. Nxf6 Qxe3+
21. Kh1 Nd4 22. Nxd4 cxd4 23. Qe2 Qxe2 24. Bxe2 gxf6 25. Rxd4 Rc2 26. Rh4+ Kg7
27. Rg4+ Kh8 28. Rf5 Rc1+ 29. Bf1 1-0

[Event "II Open A"]
[Site "Conegliano ITA"]
[Date "2008.05.31"]
[Round "1"]
[White "Inkiov, Ventzislav V."]
[Black "Panican, Gheorghe"]
[Result "1-0"]
[WhiteElo "2446"]
[BlackElo "2053"]
[PlyCount "71"]
[EventDate "2008.05.31"]

1. d4 Nf6 2. c4 c5 3. d5 g6 4. Nc3 d6 5. e4 Bg7 6. f4 O-O 7. Nf3 Bg4 8. Bd3
Nbd7 9. O-O a6 10. a4 e6 11. dxe6 fxe6 12. Qe1 Bxf3 13. Rxf3 Qe7 14. Bd2 Rad8
15. Kh1 Nb8 16. Qh4 Nc6 17. Raf1 Nd5 18. Qg4 Nxc3 19. bxc3 Rd7 20. h4 Qe8 21.
h5 gxh5 22. Qg5 Qg6 23. Qh4 Qg4 24. Qe1 h4 25. Be2 Bf6 26. e5 Bd8 27. exd6 Rg7
28. R1f2 Qf5 29. Bd3 Qg4 30. f5 exf5 31. Bh6 Qg6 32. Bxg7 Kxg7 33. Bxf5 Qxd6
34. Rd2 Qf6 35. Rd7+ Rf7 36. Be6 1-0

[Event "II Open A"]
[Site "Conegliano ITA"]
[Date "2008.05.31"]
[Round "1"]
[White "Kritz, Leonid"]
[Black "Caprio, Guido"]
[Result "1-0"]
[WhiteElo "2609"]
[BlackElo "2140"]
[PlyCount "57"]
[EventDate "2008.05.31"]

1. e4 c5 2. Nf3 d6 3. d4 cxd4 4. Nxd4 Nf6 5. Nc3 g6 6. Be3 Bg7 7. f3 O-O 8. Qd2
Nc6 9. Bc4 Bd7 10. O-O-O Rc8 11. Bb3 Ne5 12. g4 b5 13. g5 b4 14. Nce2 Nh5 15.
Ng3 a5 16. Nxh5 gxh5 17. f4 Nc4 18. Bxc4 Rxc4 19. b3 Rc3 20. Ne2 Qa8 21. Bd4 a4
22. Nxc3 axb3 23. axb3 Qa3+ 24. Kb1 Ra8 25. Na4 Rxa4 26. Bxg7 Qa2+ 27. Kc1 e5
28. Bxe5 dxe5 29. Qxd7 1-0

[Event "II Open A"]
[Site "Conegliano ITA"]
[Date "2008.05.31"]
[Round "1"]
[White "Lazzeri Memendez, Santos Gerardo"]
[Black "Epishin, Vladimir V."]
[Result "0-1"]
[WhiteElo "2112"]
[BlackElo "2566"]
[PlyCount "69"]
[EventDate "2008.05.31"]

1. e4 c5 2. f4 e6 3. c4 g6 4. Nc3 Bg7 5. Nf3 Ne7 6. Qe2 Nbc6 7. e5 d6 8. exd6
Nf5 9. Ne4 O-O 10. g4 Nxd6 11. d3 f5 12. Nxd6 Qxd6 13. Be3 fxg4 14. Ng5 Nd4 15.
Qf2 Bd7 16. Bg2 Rf5 17. O-O Raf8 18. Qh4 h5 19. Rf2 Bf6 20. Ne4 Bxh4 21. Nxd6
Bxf2+ 22. Kxf2 Rxf4+ 23. Bxf4 Rxf4+ 24. Ke3 e5 25. Bd5+ Kg7 26. Rh1 b6 27. a3
a5 28. Ne4 Rf3+ 29. Kd2 Bf5 30. Nc3 Rf2+ 31. Kc1 Bxd3 32. Na4 e4 33. Nxb6 e3
34. b4 Nb3+ 35. Kd1 0-1

[Event "II Open A"]
[Site "Conegliano ITA"]
[Date "2008.05.31"]
[Round "1"]
[White "Mateo, Ramon"]
[Black "Astengo, Marcello"]
[Result "1-0"]
[WhiteElo "2506"]
[BlackElo "2064"]
[PlyCount "93"]
[EventDate "2008.05.31"]

1. c4 e6 2. e4 d5 3. exd5 exd5 4. d4 Nf6 5. Nc3 Be7 6. Nf3 O-O 7. h3 c6 8. Bd3
dxc4 9. Bxc4 Nbd7 10. O-O Nb6 11. Bb3 Nbd5 12. Re1 Re8 13. Ne5 Be6 14. Bg5 Qb6
15. Na4 Qa5 16. Nc4 Qc7 17. Nc5 Bf5 18. Qf3 Bg6 19. Bh4 Rad8 20. Rad1 Nb4 21.
Bg3 Qc8 22. Be5 Nbd5 23. g4 Nd7 24. Bd6 Bf6 25. Bg3 Nxc5 26. dxc5 Rxe1+ 27.
Rxe1 Re8 28. Rxe8+ Qxe8 29. Nd6 Qe1+ 30. Kg2 Be7 31. Nf5 Bxc5 32. Bxd5 cxd5 33.
Qxd5 Bf8 34. Qxb7 Qb4 35. Qxb4 Bxb4 36. a3 Bd2 37. Kf3 Bxf5 38. gxf5 Kf8 39.
Ke4 Ke7 40. b4 Be1 41. b5 Kf6 42. Be5+ Kg5 43. Bd4 Kh4 44. Bxa7 Kxh3 45. Kf3
Bc3 46. Be3 h5 47. b6 1-0

[Event "II Open A"]
[Site "Conegliano ITA"]
[Date "2008.05.31"]
[Round "1"]
[White "Naumkin, Igor"]
[Black "Codenotti, Marco"]
[Result "1-0"]
[WhiteElo "2494"]
[BlackElo "2063"]
[PlyCount "83"]
[EventDate "2008.05.31"]

1. d4 Nf6 2. c4 g6 3. Nc3 Bg7 4. e4 d6 5. Nf3 O-O 6. Be2 e5 7. d5 a5 8. Bg5 h6
9. Bh4 Na6 10. O-O g5 11. Bg3 Nh5 12. Nd2 Nf4 13. Bg4 Bxg4 14. Qxg4 h5 15. Qd1
g4 16. f3 Qg5 17. fxg4 hxg4 18. Kh1 Nh5 19. Rf5 Nxg3+ 20. hxg3 Qh6+ 21. Kg1
Qe3+ 22. Rf2 f5 23. Nf1 Qb6 24. Qe2 fxe4 25. Nxe4 Nc5 26. Nfd2 Nxe4 27. Nxe4
Rf5 28. Raf1 Raf8 29. c5 Rxf2 30. cxb6 Rxe2 31. Rxf8+ Bxf8 32. bxc7 Rxe4 33.
c8=Q Rd4 34. Qxb7 Kh8 35. Qa8 Kg8 36. Qxa5 e4 37. Qc3 Bg7 38. Qc8+ Kh7 39. Qf5+
Kh8 40. Qh5+ Kg8 41. Qxg4 Kh8 42. a4 1-0

[Event "II Open A"]
[Site "Conegliano ITA"]
[Date "2008.05.31"]
[Round "1"]
[White "Orsatti, Marcello"]
[Black "Tamai, Roberto"]
[Result "0-1"]
[WhiteElo "1987"]
[BlackElo "2290"]
[PlyCount "84"]
[EventDate "2008.05.31"]

1. c4 e6 2. Nc3 d5 3. cxd5 exd5 4. d4 Nf6 5. Bg5 Be7 6. e3 c6 7. Bd3 O-O 8. Qc2
Nbd7 9. Nf3 Re8 10. O-O h6 11. Bh4 Ne4 12. Bxe7 Qxe7 13. Nd2 Ndf6 14. Nd1 Bf5
15. f3 Nxd2 16. Qxd2 Bxd3 17. Qxd3 Rad8 18. Rc1 Rd6 19. Qa3 a6 20. Re1 Qd7 21.
Nc3 Nh7 22. Na4 Rg6 23. Qd3 Ng5 24. Kh1 Ne6 25. Nc5 Qe7 26. Nxe6 Rxe6 27. Rc3
Qh4 28. g3 Qh3 29. Kg1 h5 30. Qf1 Qf5 31. Kg2 h4 32. Qd3 Qg5 33. f4 Qg4 34. Qe2
Qf5 35. Qf3 Rg6 36. Kf2 Ree6 37. Rcc1 Rg4 38. Rg1 Rh6 39. Ke2 hxg3 40. hxg3 Rh3
41. Kd2 Qg6 42. f5 Qg5 0-1

[Event "II Open A"]
[Site "Conegliano ITA"]
[Date "2008.05.31"]
[Round "1"]
[White "Piscopo, Pierluigi"]
[Black "Lavric, Mihail"]
[Result "1-0"]
[WhiteElo "2379"]
[BlackElo "2009"]
[PlyCount "93"]
[EventDate "2008.05.31"]

1. e4 c5 2. Nf3 Nc6 3. Bb5 g6 4. c3 Bg7 5. d4 cxd4 6. cxd4 Qb6 7. Nc3 e6 8. Be3
Nge7 9. O-O Qd8 10. d5 Ne5 11. Nxe5 Bxe5 12. dxe6 fxe6 13. f4 Bg7 14. Qd6 O-O
15. Rad1 Nc6 16. Rf2 Qe7 17. Qxe7 Nxe7 18. Bxd7 Bxd7 19. Rxd7 Kf7 20. Nb5 Rfd8
21. Rfd2 Rxd7 22. Rxd7 b6 23. e5 Ke8 24. Rb7 Kd8 25. Nxa7 Bf8 26. Bxb6+ Ke8 27.
Nb5 Nd5 28. Ba7 Rc8 29. Nd6+ Bxd6 30. exd6 Rc1+ 31. Kf2 h5 32. Bd4 Rc2+ 33. Kf3
Rc6 34. Be5 Rc2 35. a4 Rc1 36. b4 Rb1 37. b5 Rb3+ 38. Ke2 Ra3 39. Ra7 Ra2+ 40.
Kd3 Rxg2 41. a5 Rxh2 42. b6 Rh3+ 43. Kc4 Ra3 44. b7 Ra4+ 45. Kc5 Rb4 46. d7+
Kd8 47. Bf6+ 1-0

[Event "II Open A"]
[Site "Conegliano ITA"]
[Date "2008.05.31"]
[Round "1"]
[White "Rigo, Gianfrancesco"]
[Black "Genocchio, Daniele"]
[Result "0-1"]
[WhiteElo "2023"]
[BlackElo "2416"]
[PlyCount "66"]
[EventDate "2008.05.31"]

1. e4 c5 2. Nf3 Nc6 3. d4 cxd4 4. Nxd4 Nf6 5. Nc3 d6 6. Bc4 Qb6 7. Ndb5 a6 8.
Be3 Qa5 9. Nd4 g6 10. f3 Bg7 11. Qd2 Qb4 12. b3 Bd7 13. O-O b5 14. a3 Qa5 15.
b4 Qd8 16. Bb3 O-O 17. Nxc6 Bxc6 18. Rad1 Rc8 19. Ne2 Qc7 20. Nd4 Bb7 21. Qf2
Nd7 22. Qh4 Rfe8 23. Bh6 e6 24. Bxg7 Kxg7 25. Kh1 Qc3 26. g4 h6 27. Rd3 Qb2 28.
Rg1 Rc3 29. Nf5+ exf5 30. gxf5 Qxb3 31. Rxd6 Rxc2 32. Rdxg6+ fxg6 33. Rxg6+ Kf7
0-1

[Event "II Open A"]
[Site "Conegliano ITA"]
[Date "2008.05.31"]
[Round "1"]
[White "Rombaldoni, Axel"]
[Black "Rossi, Gianni"]
[Result "1-0"]
[WhiteElo "2398"]
[BlackElo "2012"]
[PlyCount "39"]
[EventDate "2008.05.31"]

1. e4 Nf6 2. e5 Nd5 3. Nc3 Nxc3 4. dxc3 d5 5. f4 Bf5 6. Nf3 e6 7. Be3 c5 8. Qd2
Nc6 9. O-O-O c4 10. Rg1 b5 11. g4 Be4 12. Ng5 Qa5 13. Kb1 b4 14. Nxe4 bxc3 15.
Nxc3 Bb4 16. a3 Bxa3 17. Nxd5 Bb4 18. Nxb4 Nxb4 19. Qd7+ Kf8 20. Bxc4 1-0

[Event "II Open A"]
[Site "Conegliano ITA"]
[Date "2008.05.31"]
[Round "1"]
[White "Santacaterina, Pietro"]
[Black "Xia, Jie"]
[Result "0-1"]
[WhiteElo "1815"]
[BlackElo "2175"]
[PlyCount "134"]
[EventDate "2008.05.31"]

1. d4 Nf6 2. Nf3 g6 3. e3 Bg7 4. Bd3 O-O 5. Nbd2 d6 6. c3 c5 7. O-O cxd4 8.
exd4 Nc6 9. Ne4 Bg4 10. Re1 e5 11. dxe5 Nxe5 12. Nxf6+ Qxf6 13. Be4 Rae8 14.
Be3 b6 15. Qd5 Nxf3+ 16. Bxf3 Re5 17. Bd4 Rxd5 18. Bxf6 Bxf3 19. Bxg7 Kxg7 20.
gxf3 Rd2 21. Re7 Rxb2 22. Rxa7 Re8 23. Rd7 Ree2 24. Rf1 Red2 25. a4 Ra2 26. Rb7
Rxa4 27. Rxb6 Rc4 28. Rb3 Rd3 29. Kg2 Rcxc3 30. Rb6 Rc2 31. Re1 Rdd2 32. Rf1 g5
33. h3 h6 34. Kg3 Kg6 35. Rb8 Rd3 36. Rg8+ Kh7 37. Rf8 Kg7 38. Re8 Rcc3 39. Rd8
Rxf3+ 40. Kg2 Rxh3 41. Rxd6 Rhd3 42. Ra6 Rd4 43. Rh1 Rg4+ 44. Kh2 Rh4+ 45. Kg2
Rxh1 46. Kxh1 Rf3 47. Kg2 Rf6 48. Ra8 Rb6 49. Re8 Kf6 50. Kg3 Kf5 51. Re3 Rb4
52. f3 h5 53. Rc3 h4+ 54. Kh3 Kf4 55. Rc7 f5 56. Rf7 Rb3 57. Kg2 h3+ 58. Kxh3
Rxf3+ 59. Kg2 Ra3 60. Rf8 Ra2+ 61. Kf1 g4 62. Rf7 g3 63. Rf8 g2+ 64. Kg1 Kg3
65. Rg8+ Kf3 66. Rg5 Ra1+ 67. Kh2 Rh1# 0-1

[Event "II Open A"]
[Site "Conegliano ITA"]
[Date "2008.05.31"]
[Round "1"]
[White "Tahirovic, Adnan"]
[Black "Vezzosi, Paolo"]
[Result "0-1"]
[WhiteElo "1800"]
[BlackElo "2351"]
[PlyCount "60"]
[EventDate "2008.05.31"]

1. e4 c6 2. d4 d5 3. Nd2 dxe4 4. Nxe4 Bf5 5. Ng3 Bg6 6. Nf3 Nd7 7. h4 h6 8. h5
Bh7 9. Bd3 Bxd3 10. Qxd3 e6 11. Bf4 Qa5+ 12. Bd2 Bb4 13. c3 Be7 14. c4 Qc7 15.
O-O-O Ngf6 16. Kb1 O-O 17. Rhe1 Rfd8 18. Nf5 Bf8 19. N5h4 c5 20. g4 Nxg4 21.
Qe2 Ndf6 22. Rg1 cxd4 23. Rxg4 Nxg4 24. Rg1 d3 25. Qe4 Nf6 26. Qe3 Qxc4 27. Bc3
Nd5 28. Qxh6 Nxc3+ 29. bxc3 Qxc3 30. Nd2 Qb4+ 0-1

[Event "II Open A"]
[Site "Conegliano ITA"]
[Date "2008.05.31"]
[Round "1"]
[White "Tonel, Giulia"]
[Black "Genna, Jose' Miguel"]
[Result "0-1"]
[WhiteElo "1952"]
[BlackElo "2216"]
[PlyCount "62"]
[EventDate "2008.05.31"]

1. e4 e6 2. d4 d5 3. Nd2 Nf6 4. e5 Nfd7 5. Bd3 c5 6. c3 Nc6 7. Ne2 cxd4 8. cxd4
f6 9. exf6 Nxf6 10. Nf3 Bd6 11. O-O O-O 12. Bg5 e5 13. Qb3 Be6 14. dxe5 Nxe5
15. Ned4 Bf7 16. Rad1 Nxd3 17. Rxd3 Qd7 18. Bxf6 gxf6 19. Nh4 Kh8 20. Nhf5 Bg6
21. Rf3 Be5 22. Qb4 Rae8 23. Ng3 Qg4 24. Nge2 Be4 25. h3 Qg8 26. Rg3 Bxg3 27.
Nxg3 Qf7 28. Rd1 Rg8 29. Ndf5 Bxf5 30. Nxf5 Re5 31. Ne3 Qh5 0-1

[Event "II Open A"]
[Site "Conegliano ITA"]
[Date "2008.05.31"]
[Round "1"]
[White "Tonus, Alex"]
[Black "Omeri, Silvan"]
[Result "1-0"]
[WhiteElo "1919"]
[BlackElo "2201"]
[PlyCount "89"]
[EventDate "2008.05.31"]

1. e4 e5 2. Nf3 Nc6 3. Bc4 Nf6 4. Ng5 d5 5. exd5 Na5 6. Bb5+ c6 7. dxc6 bxc6 8.
Be2 h6 9. Nf3 e4 10. Ne5 Qd4 11. f4 Be6 12. c3 Qb6 13. d4 exd3 14. Bxd3 Bd6 15.
b4 Nb7 16. Qe2 Bxe5 17. fxe5 Nd5 18. a3 g5 19. c4 Nf4 20. Bxf4 gxf4 21. c5 Qc7
22. O-O f3 23. Qxf3 Rg8 24. Nc3 Rg5 25. Ba6 Rf5 26. Nb5 cxb5 27. Qxb7 Qxb7 28.
Bxb7 Rb8 29. Bc6+ Ke7 30. Rxf5 Bxf5 31. Rd1 h5 32. Rd6 h4 33. h3 Be6 34. Bf3
Bc4 35. Ra6 Rd8 36. c6 Be6 37. Rxa7+ Kf8 38. Rb7 Rd3 39. c7 Rc3 40. Bg4 Ke8 41.
Bxe6 fxe6 42. Rb8+ Kd7 43. c8=Q+ Rxc8 44. Rxc8 Kxc8 45. g3 1-0

[Event "II Open A"]
[Site "Conegliano ITA"]
[Date "2008.05.31"]
[Round "1"]
[White "Van Hoolandt, Patrick"]
[Black "Dussin, Davide"]
[Result "1-0"]
[WhiteElo "2183"]
[BlackElo "1893"]
[PlyCount "45"]
[EventDate "2008.05.31"]

1. d4 Nf6 2. c4 g6 3. Nc3 Bg7 4. e4 d6 5. Nf3 O-O 6. Be3 c5 7. dxc5 Qa5 8. cxd6
exd6 9. Qd2 Nc6 10. h3 Be6 11. Be2 Rac8 12. O-O Ne5 13. b3 Nxf3+ 14. Bxf3 Nxe4
15. Nxe4 Qxd2 16. Bxd2 Bxa1 17. Rxa1 f5 18. Ng5 Bf7 19. Nxf7 Kxf7 20. Bxb7 Rc7
21. Bd5+ Ke7 22. Re1+ Kd7 23. Ba5 1-0

[Event "II Open A"]
[Site "Conegliano ITA"]
[Date "2008.06.01"]
[Round "2"]
[White "Astengo, Marcello"]
[Black "Tonel, Giulia"]
[Result "1/2-1/2"]
[WhiteElo "2064"]
[BlackElo "1952"]
[PlyCount "113"]
[EventDate "2008.05.31"]

1. d4 d5 2. c4 e6 3. Nc3 Nf6 4. cxd5 exd5 5. Bg5 Be7 6. e3 c6 7. Qc2 Nbd7 8.
Bd3 O-O 9. Nge2 Re8 10. O-O Nf8 11. f3 Nh5 12. Bxe7 Qxe7 13. e4 Be6 14. e5 g6
15. f4 Ng7 16. Ng3 f5 17. Rab1 Rac8 18. b4 b6 19. Ba6 Rc7 20. Rfc1 Bc8 21. Bd3
Nfe6 22. Nge2 Bb7 23. Qb3 Rd8 24. Qa3 Ba8 25. Qb2 Ne8 26. Kh1 N8g7 27. a4 Bb7
28. Qa2 Kh8 29. a5 b5 30. a6 Bc8 31. Rc2 Bd7 32. Qa3 Be8 33. Na2 Rdc8 34. Nac1
g5 35. fxg5 Qxg5 36. Qc3 f4 37. Ng1 Nh5 38. Nf3 Qh6 39. Kg1 Bg6 40. Nb3 Be4 41.
Nbd2 Qg6 42. Nh4 Qg4 43. Ndf3 Rg8 44. Rf2 Ng5 45. Nxg5 Rxg5 46. Bxe4 dxe4 47.
d5 Qxh4 48. e6+ Kg8 49. d6 Rcg7 50. Qxc6 Rxg2+ 51. Rxg2 Rxg2+ 52. Kxg2 Qg4+ 53.
Kh1 Qf3+ 54. Kg1 Qe3+ 55. Kh1 Qf3+ 56. Kg1 Qe3+ 57. Kh1 1/2-1/2

[Event "II Open A"]
[Site "Conegliano ITA"]
[Date "2008.06.01"]
[Round "2"]
[White "Boscolo, Federico"]
[Black "Zanin, Dario"]
[Result "1/2-1/2"]
[WhiteElo "1930"]
[BlackElo "2026"]
[PlyCount "87"]
[EventDate "2008.05.31"]

1. e4 e5 2. Nf3 Nc6 3. Bc4 Bc5 4. Nc3 Nf6 5. d3 d6 6. h3 h6 7. Be3 Bb6 8. Qd2
Na5 9. Bb3 c5 10. Ne2 O-O 11. Ng3 Nxb3 12. axb3 Ne8 13. Nh2 d5 14. exd5 f5 15.
b4 f4 16. bxc5 fxe3 17. Qxe3 Ba5+ 18. c3 Nf6 19. O-O Nxd5 20. Qxe5 Bc7 21. Qd4
Nf4 22. Qxd8 Rxd8 23. d4 Be6 24. Rfe1 Re8 25. Nhf1 a6 26. Rad1 Bb3 27. Ra1 Nd3
28. Rxe8+ Rxe8 29. c6 bxc6 30. Rxa6 Re1 31. Rxc6 Bxg3 32. fxg3 Bd1 33. Rc8+ Kf7
34. Rc7+ Ke6 35. Rxg7 Be2 36. Rg6+ Kf5 37. Rxh6 Rxf1+ 38. Kh2 Nf2 39. g4+ Bxg4
40. Kg3 Kg5 41. Rh8 Nh1+ 42. Kh2 Bf5 43. g4 Bg6 44. Rg8 1/2-1/2

[Event "II Open A"]
[Site "Conegliano ITA"]
[Date "2008.06.01"]
[Round "2"]
[White "Caprio, Guido"]
[Black "Tahirovic, Adnan"]
[Result "1-0"]
[WhiteElo "2140"]
[BlackElo "1800"]
[PlyCount "41"]
[EventDate "2008.05.31"]

1. e4 c5 2. Nf3 e6 3. d4 cxd4 4. Nxd4 Nc6 5. Nc3 a6 6. Be3 Qc7 7. Bd3 Nf6 8.
O-O Be7 9. f4 d6 10. Qf3 O-O 11. Kh1 Nxd4 12. Bxd4 e5 13. fxe5 dxe5 14. Qg3 Bd6
15. Rxf6 exd4 16. e5 Bxe5 17. Qh4 h6 18. Nd5 Bxf6 19. Qe4 Bf5 20. Qxf5 g6 21.
Qxf6 1-0

[Event "II Open A"]
[Site "Conegliano ITA"]
[Date "2008.06.01"]
[Round "2"]
[White "Codenotti, Marco"]
[Black "De Nardi, Riccardo"]
[Result "1/2-1/2"]
[WhiteElo "2063"]
[BlackElo "1931"]
[PlyCount "49"]
[EventDate "2008.05.31"]

1. e4 c5 2. Nf3 d6 3. d4 cxd4 4. Nxd4 Nf6 5. Nc3 g6 6. Bc4 Bg7 7. O-O O-O 8.
Re1 Nc6 9. Bb3 Bd7 10. Bg5 Rc8 11. Nxc6 Bxc6 12. Qd2 Re8 13. Rad1 Qa5 14. Nd5
Qxd2 15. Rxd2 Bxd5 16. exd5 h6 17. Be3 a6 18. c3 Nd7 19. Rde2 Kf8 20. c4 Nc5
21. Bxc5 Rxc5 22. Ba4 b5 23. cxb5 axb5 24. Bb3 Bf6 25. Rd1 1/2-1/2